| 000 | 00469nam a2200181Ia 4500 | ||
|---|---|---|---|
| 008 | 131103s9999 xx 000 0 und d | ||
| 020 | _a0 7069 0147 9 | ||
| 040 | _aLoreto College | ||
| 041 | _aEnglish | ||
| 082 |
_aF/SAH _bLCBED/6611 |
||
| 100 | _aSahgal, Nayantara | ||
| 245 | 4 |
_aThe day in shadow _b a novel _cNayantara Sahgal |
|
| 260 |
_aDelhi _bVikas _c1971 |
||
| 300 |
_a236p. _c 22cm. |
||
| 650 | _aEnglish fiction | ||
| 850 | _aLCBED/F/SAH | ||
| 942 | _cBK | ||
| 999 |
_c32930 _d83409 |
||